| 000 | 00703nam a2200205 a 4500 | ||
|---|---|---|---|
| 005 | 20140311163004.0 | ||
| 008 | 030929s19uu xx 00 eng d | ||
| 020 | _a0815340737 | ||
| 050 |
_aR 853.H8 _b.Sh535 2002 |
||
| 100 | _aShamoo, Adil E. | ||
| 245 |
_aEthics of the use of human subjects in research : _bpractical guide / _cAdil E. Shamoo and Felix A. Khin-Maung-Gyi. |
||
| 260 |
_aLondon : _bGarland Science Pub., _c2002. |
||
| 300 |
_a120 p. : _c22 cm. |
||
| 500 | _aIncludes Index | ||
| 650 |
_aHuman experimentation in medicine _xmoral and ethical aspects |
||
| 650 |
_aMedicine _xResearch _xMoral & ethical aspects |
||
| 650 | _aMedical ethics | ||
| 942 |
_cBK _2lcc _kFOR |
||
| 999 |
_c39269 _d39269 |
||